000 00603nam a2200229 a 4500
001 25900
003 CO-ViMGA
005 20260216210514.0
008 141112s2004 ck r 000 u spa d
020 _a9588052521
020 _a9789588052526
040 _aCO-ViMGA
_bspa
_cCO-ViMGA
082 0 4 _aCo863.44 M344p
084 _aN MEJ9
100 1 _aMejia Rivera, Orlando
_922788
245 1 0 _aPensamientos de guerra
300 _a90.p.
490 _aPremios Nacionales de Cultura 1998
650 1 4 _aLITERATURA SIGLO XIX - HISTORIA
_922789
650 1 4 _aNOVELA COLOMBIANA
_91193
942 _2ddc
_cBK
999 _c25900
_d25900